Normal view
MARC view
Entry Personal Name
001 - CONTROL NUMBER
- control field: 15180
003 - CONTROL NUMBER IDENTIFIER
- control field: BD-DhEWU
005 - DATE AND TIME OF LATEST TRANSACTION
- control field: 20140710150610.0
008 - FIXED-LENGTH DATA ELEMENTS
- fixed length control field: 140710|| aca||aabn | a|a d
040 ## - CATALOGING SOURCE
- Original cataloging agency: BD-DhEWU
- Transcribing agency: BD-DhEWU
100 ## - HEADING--PERSONAL NAME
- Personal name: Khan, Mujibur Rahman.
670 ## - SOURCE DATA FOUND
- Source citation: Work cat.: (BD-DhEWU)1318: Shawkat Ali, A. M. M. 12995, Comprehensive bibliography on agriculture and rural development /, 1994.